Essays on Greek migration
Αποθηκεύτηκε σε:
| Άλλοι συγγραφείς: | |
|---|---|
| Μορφή: | Βιβλίο |
| Γλώσσα: | English |
| Δημοσίευση: |
Athens :
Social Sciences Centre,
1967
|
| Σειρά: | Migration series ;
; 1 |
| Θέματα: | |
| Ετικέτες: |
Προσθήκη ετικέτας
Δεν υπάρχουν, Καταχωρήστε ετικέτα πρώτοι!
|
MARC
| LEADER | 00000nam a2200000 i 4500 | ||
|---|---|---|---|
| 001 | 1/56476 | ||
| 008 | 950516s1967 eng d | ||
| 035 | |l 10028029 | ||
| 040 | |a GR-MY-UA |b gre |e aacr | ||
| 041 | 0 | |a eng | |
| 082 | 0 | |a 304.809495 | |
| 245 | 1 | 0 | |a Essays on Greek migration / |c Contributors, A. Th. Angelopoulos...[et al.] |
| 260 | |a Athens : |b Social Sciences Centre, |c 1967 | ||
| 300 | |a 190 p.; |b tables; diag.; |c 24 cm. | ||
| 490 | 1 | |a Migration series |v ; 1 | |
| 650 | 0 | 0 | |a Emigration and immigration |x Social aspects. |
| 651 | 0 | |a Greece |x Emigration and immigration |x Social aspects. | |
| 700 | 1 | |a Αγγελόπουλος, Αγγελος Θ., |d 1904-1995. | |
| 830 | 0 | |a Migration series ; |v ; 1 | |
| 852 | |a INST |b CHIOS |e 19960216 |h 304.809495 ESS |p 005200006299 |q 005200006299 |t BK |y 0 | ||
| 852 | |a INST |b LESVOS |e 19950516 |h 304.809495 ESS |p 005100000720 |q 005100000720 |t BK |y 0 | ||
| 852 | |a INST |b LESVOS |e 19950516 |h 304.809495 ESS |p 005100000721 |q 005100000721 |t BK |y 4 |x 20190411 | ||
| 852 | |a INST |b LESVOS |e 19950516 |h 304.809495 ESS |p 005100000722 |q 005100000722 |t BK |y 0 | ||
| 852 | |a INST |b LESVOS |e 19950516 |h 304.809495 ESS |p 005100000723 |q 005100000723 |t BK |y 0 | ||
| 909 | |a Χ |b 000253 | ||
| 909 | |a Λ |b 03073 | ||
| 909 | |a Λ |b 03074 | ||
| 909 | |a Λ |b 03075 | ||
| 909 | |a Λ |b 010899 | ||